00867cam a2200241 a 4500999001700000001000800017005001700025008004100042010001700083020002700100042000900127050002100136245010000157260004400257300004000301440001800341500002000359650004300379650002200422710004400444942001500488952012200503 c24206d24206112472920170128093353.0940519s1995 mnua j 001 0 eng  a 94021445  a0822532034 (lib. bdg.) alcac00aNK7307 .D35 199500aDazzling! :bjewelry of the ancient world /cprepared by Geography Department, Runestone Press. aMinneapolis :bRunestone Press,cc1995. a64 p. :bill. (some col.) ;c27 cm. 0aBuried worlds aIncludes index. 0aJewelry, AncientxJuvenile literature. 1aJewelry, Ancient.2 aRunestone Press.bGeography Department. 2lcccBOOKS 00102lcc4070aMUCbMUCcTECHd2017-01-28eDonation(BFA)l0oNK7307 .D35 1995p32510r2018-05-31w2017-01-28yBOOKS